Non-Archimedean functional analysis /

Guardado en:
Autor Principal: Rooij, A. C. M. van 1936-
Formato: Libro
Idioma:English
Publicado: New York : M. Dekker, c1978.
Series:Pure and applied mathematics ; 51
Materias:
Etiquetas: Agregar Etiqueta
Sin Etiquetas, Sea el primero en etiquetar este registro!
LEADER 00692cam a2200217 a 4500
001 MAT.inmabb002912
008 780825s1978####nyu######b####001#0#eng##
005 20130305113041.0
245 1 0 |a Non-Archimedean functional analysis /  |c A. C. M. van Rooij. 
260 |a New York :  |b M. Dekker,  |c c1978. 
300 |a x, 404 p. ;  |c 24 cm. 
490 0 |a Pure and applied mathematics ;  |v 51 
504 |a Bibliografía: p. 373-388. 
510 4 |a MR,  |c 81a:46084 
020 |a 0824765567 
100 1 |a Rooij, A. C. M. van  |q (Arnoud C. M.),  |d 1936- 
650 0 |a Functional analysis. 
084 |a 46S10 (46-02)  |2 msc2000 
010 |a  78009914  
040 |a DLC  |c DLC  |d DLC 
859 |h 46  |i R776  |p A-4953  |b BIB. MATEMATICA